<?xml version="1.0" encoding="UTF-8"?>
<record
    xmlns:xsi="http://www.w3.org/2001/XMLSchema-instance"
    xsi:schemaLocation="http://www.loc.gov/MARC21/slim http://www.loc.gov/standards/marcxml/schema/MARC21slim.xsd"
    xmlns="http://www.loc.gov/MARC21/slim">

  <leader>00773naa a2200193 a 4500</leader>
  <controlfield tag="001">80129</controlfield>
  <controlfield tag="003">BD-RjUL</controlfield>
  <controlfield tag="005">20220727134931.0</controlfield>
  <controlfield tag="008">220727s1965    pk ||||| |||| 00| 0 urd d</controlfield>
  <datafield tag="035" ind1=" " ind2=" ">
    <subfield code="a">(BD-RjUL)80129</subfield>
  </datafield>
  <datafield tag="040" ind1=" " ind2=" ">
    <subfield code="a">BD-RjUL</subfield>
    <subfield code="b">eng</subfield>
    <subfield code="c">BD-RjUL</subfield>
  </datafield>
  <datafield tag="041" ind1=" " ind2=" ">
    <subfield code="a">urd</subfield>
  </datafield>
  <datafield tag="082" ind1=" " ind2=" ">
    <subfield code="2">23</subfield>
    <subfield code="a">371.07709</subfield>
    <subfield code="b">LAA 1965</subfield>
  </datafield>
  <datafield tag="245" ind1="1" ind2="0">
    <subfield code="a">&#x639;&#x6C1;&#x62F; &#x627;&#x633;&#x644;&#x627;&#x645;&#x6CC; &#x645;&#x6CC;&#x6BA; &#x62A;&#x639;&#x644;&#x6CC;&#x645;&#x6CC; &#x62A;&#x631;&#x642;&#x6CC;   [Ahdi Islami min Taalimi  taraqi ] /</subfield>
    <subfield code="c">by by N.N.La   ;   mutarjim, Ikhlas Hussein Zubayri and Sultan Fatima Balkhi&#x627;&#x6CC;&#x646;&#x6D4; &#x627;&#x6CC;&#x646;&#x6D4; &#x644;&#x627;  ; &#x645;&#x62A;&#x631;&#x62C;&#x645;  ;   &#x627;&#x62E;&#x644;&#x627;&#x635; &#x62D;&#x633;&#x64A;&#x646; &#x632;&#x628;&#x64A;&#x631;&#x64A; &#x648; &#x633;&#x644;&#x637;&#x627;&#x646; &#x641;&#x627;&#x637;&#x645;&#x647; &#x628;&#x644;&#x62E;&#x64A;                  </subfield>
  </datafield>
  <datafield tag="260" ind1=" " ind2=" ">
    <subfield code="a">Karachi :</subfield>
    <subfield code="b">Ekademy of Educational Research ,</subfield>
    <subfield code="c">1965</subfield>
  </datafield>
  <datafield tag="300" ind1=" " ind2=" ">
    <subfield code="a">308 p.; </subfield>
    <subfield code="c">22 cm </subfield>
  </datafield>
  <datafield tag="650" ind1=" " ind2=" ">
    <subfield code="a">Education</subfield>
    <subfield code="v">Islam</subfield>
    <subfield code="9">4156</subfield>
  </datafield>
  <datafield tag="942" ind1=" " ind2=" ">
    <subfield code="2">ddc</subfield>
    <subfield code="c">BK</subfield>
  </datafield>
  <datafield tag="999" ind1=" " ind2=" ">
    <subfield code="c">80129</subfield>
    <subfield code="d">80129</subfield>
  </datafield>
  <datafield tag="952" ind1=" " ind2=" ">
    <subfield code="0">0</subfield>
    <subfield code="1">0</subfield>
    <subfield code="2">ddc</subfield>
    <subfield code="4">0</subfield>
    <subfield code="7">1</subfield>
    <subfield code="8">NFIC</subfield>
    <subfield code="a">RUCL</subfield>
    <subfield code="b">RUCL</subfield>
    <subfield code="c">Reading</subfield>
    <subfield code="d">1967-05-17</subfield>
    <subfield code="e">Sh Mubarak Ali,   Lahore</subfield>
    <subfield code="g">8.00</subfield>
    <subfield code="l">0</subfield>
    <subfield code="o">U 371.07709 LAA 1965</subfield>
    <subfield code="r">2022-07-27 00:00:00</subfield>
    <subfield code="t">C-1</subfield>
    <subfield code="w">2022-07-27</subfield>
    <subfield code="y">BK</subfield>
  </datafield>
</record>
